Princ a žobrák

Bibliographic Details
Main Author: -ř- (Author)
Format: Article
Language:Slovak
PhysicalDescription:Fot. 1.
Subjects:

MARC

LEADER 00000nab a2200000 a 4500
001 vtls000158246
003 SK-MaSNL
005 20260302210047.0
008 111104c1983 xo 0 slo
015 |a SNBRB19rr/mm-uuuuu 
035 |a CL0168355 
040 |a SNKBUCL  |b slo  |c SNKBUCL  |e AACR2 
041 0 |a slo 
044 |a xo  |c SK 
080 |a 82:7.097  |2 1981 
080 |a 792.2.097  |2 1981 
080 |a 7.097  |2 1981 
080 |a 820 (73)  |2 1981 
100 1 |a -ř-  |4 aut  |9 620826 
245 1 0 |a Princ a žobrák  |c -ř- 
300 |b Fot. 1. 
650 0 7 |a Mark Twain  |2 snkbucl  |9 932643 
655 7 |a články z novín a časopisov  |2 snkbucl  |9 267496 
655 7 |a články z odboru literárna veda a krásna literatúra  |2 snkbucl  |9 770045 
773 0 |t Televízia  |g Roč. 18, č. 7 (1983), s. 11 
850 |a Slovenská národná knižnica v Martine  |a MTA001 
852 |a SNK  |b KIS3GCP 
958 |a RK 
958 |a LX 
992 |a RBX 
999 |c 1480740  |d 1482670